Twilight of splendor : the court of Queen Victoria during her diamond jubilee year

সংরক্ষণ করুন:
গ্রন্থ-পঞ্জীর বিবরন
প্রধান লেখক: King, Greg
বিন্যাস: গ্রন্থ
ভাষা:Undetermined
প্রকাশিত: Hoboken, N.J. John Wiley & Sons 2007
বিষয়গুলি:
ট্যাগগুলো: ট্যাগ যুক্ত করুন
কোনো ট্যাগ নেই, প্রথমজন হিসাবে ট্যাগ করুন!
Thư viện lưu trữ: Trung tâm Học liệu Trường Đại học Cần Thơ
LEADER 00618nam a2200217Ia 4500
001 CTU_165573
008 210402s9999 xx 000 0 und d
020 |c 30 
082 |a 941.081092 
082 |b K52 
100 |a King, Greg 
245 0 |a Twilight of splendor : 
245 4 |b the court of Queen Victoria during her diamond jubilee year 
245 0 |c Greg King 
260 |a Hoboken, N.J. 
260 |b John Wiley & Sons 
260 |c 2007 
650 |a Queens,Các nữ hoàng 
650 |z Great Britain,Nước Anh 
910 |a Nguyên 
980 |a Trung tâm Học liệu Trường Đại học Cần Thơ